000 00975nam a2200277 i 4500
001 bg
100 1 _aKULISIEWICZ, Maciej
245 1 0 _aMetodologia modelowania i identyfikacji mechanicznych układów dynamicznych /
_cMaciej Kulisiewicz, Stanisław Piesiak.
260 _aWrocław :
_bOficyna Wydaw. Politechniki Wrocławskiej,
_c1994.
300 _a346 s. :
_brys., wykr. ;
_c29 cm.
504 _aBibliogr. s. 343-346.
650 9 _aAnaliza matematyczna
_xstosowanie
_xmechanika
650 9 _aDrgania
_xmechanika
_xbadanie
_xmetody
650 9 _aMechanika stosowana
_xzagadnienia
650 9 _aModele matematyczne
_xstosowanie
_xmechanika
650 9 _aRachunek operatorowy
_xstosowanie
_xmechanika
655 _aPodręczniki akademickie
700 1 _aPIESIAK, Stanisław
020 _a8370851010
040 _cBPK
041 0 _apol
080 _a531:534:517:621.01](075.8)
920 _a83-7085-101-0
942 _cKS
008 s pl f |000 0 pol
999 _c24711
_d24711
856 _uhttp://koha.tu.koszalin.pl/cgi-bin/koha/opac-detail.pl?biblionumber=24711
_yKatalog online BPK